000
00385nas a22001457a 4500
005
20251108172948.0
008
250721s9999 xx || 000 0 ara d
082
1
4
_a
م/378.62/ج
245
1
0
_a
حوليات كليه البنات /
264
1
_a
القاهره :
_b
جامعة عين شمس،
650
1
7
_a
الجامعات
650
1
7
_a
مصر
942
_2
ddc
_c
PER
999
_c
92884
_d
92884